[Event "Mediterranean-ch U20"]
[Site "Crete"]
[Date "2013.08.27"]
[Round "1"]
[White "Alevrakis, Michail"]
[Black "Baglan, Esat"]
[Result "0-1"]
[WhiteElo "1221"]
[BlackElo "2041"]
[PlyCount "68"]
[EventDate "2013.08.27"]
[EventType "swiss"]
[EventRounds "9"]
[EventCountry "GRE"]
[SourceTitle "CBM 156 Extra"]
[Source "ChessBase"]
[SourceDate "2013.10.22"]
[SourceVersion "1"]
[SourceVersionDate "2013.10.22"]
[SourceQuality "1"]

1. e4 c5 2. Nf3 d6 3. d4 cxd4 4. Nxd4 Nf6 5. Nc3 a6 6. Bd3 e5 7. Nf3 Be7 8. Bg5 Be6 9. Qd2 Nbd7 10. Be3 h6 11. Qe2 Qc7 12. Rd1 b5 13. Bxb5 axb5 14. Nxb5 Qc6 15. a3 Bc4 16. Nxd6+ Bxd6 17. Rxd6 Qxd6 18. Qxc4 0-0 19. 0-0 Rfc8 20. Qe2 Qa6 21. Qd2 Qb5 22. Bxh6 gxh6 23. Qxh6 Qc5 24. g4 Qf8 25. Qh4 Qg7 26. Kh1 Rxc2 27. Rg1 Nxe4 28. Rg2 Rxb2 29. g5 Qh7 30. Qxh7+ Kxh7 31. g6+ fxg6 32. Ng5+ Nxg5 33. Rxg5 Rxf2 34. Kg1 Rb2 0-1

[Event "GRE-ch U18"]
[Site "Chania"]
[Date "2013.01.08"]
[Round "9.17"]
[White "Alevrakis, Michail"]
[Black "Patrelakis, Evaggelos"]
[Result "0-1"]
[WhiteElo "1254"]
[BlackElo "1369"]
[PlyCount "80"]
[EventDate "2013.01.02"]
[EventType "swiss"]
[EventRounds "9"]
[EventCountry "GRE"]
[SourceTitle "EXT 2024"]
[Source "ChessBase"]
[SourceDate "2023.10.10"]
[SourceVersion "1"]
[SourceVersionDate "2023.10.10"]
[SourceQuality "1"]

1. d4 Nf6 2. Nf3 g6 3. e3 Bg7 4. Bd3 0-0 5. c4 d6 6. Nc3 Nc6 7. a3 Bg4 8. Bd2 Re8 9. Qc2 Bxf3 10. gxf3 Qd7 11. 0-0-0 Rad8 12. Rdg1 e6 13. f4 Ne7 14. Ne4 Nxe4 15. Bxe4 d5 16. Bd3 dxc4 17. Bxc4 Qc6 18. Bd3 Qxc2+ 19. Bxc2 b6 20. Ba4 c6 21. Bb4 a5 22. Bc3 Rc8 23. h4 h5 24. Kd2 Red8 25. Rd1 c5 26. Ke2 cxd4 27. Bxd4 Bxd4 28. Rxd4 Rxd4 29. exd4 Rc4 30. Bb3 Rxd4 31. Rd1 Nf5 32. Rc1 Rxf4 33. Rc8+ Kg7 34. Rc7 Rxh4 35. Ba2 b5 36. Kf1 b4 37. Bxe6 Nh6 38. Ba2 bxa3 39. bxa3 Rh3 40. a4 Ra3 0-1